Statistics for Movies - New York or Los Angeles?

Click here to take the quiz!

General Stats

  • This quiz has been taken 13,166 times
  • The average score is 14 of 18

Answer Stats

QuestionAnswer% Correct
Spider-ManNew York
94%
King KongNew York
94%
GhostbustersNew York
92%
CluelessLos Angeles
91%
TerminatorLos Angeles
89%
Pulp FictionLos Angeles
84%
Coming to AmericaNew York
84%
GoodfellasNew York
82%
Boyz n the HoodLos Angeles
79%
When Harry Met Sally…New York
79%
Breakfast at Tiffany'sNew York
76%
West Side StoryNew York
73%
BigNew York
71%
Rebel Without a CauseLos Angeles
70%
Die HardLos Angeles
67%
Blade RunnerLos Angeles
66%
Annie HallNew York
66%
ChinatownLos Angeles
47%

Score Distribution

Percentile by Number Answered

Percent of People with Each Score

Your Score History

You have not taken this quiz